Globalization and politics in India (Record no. 5836)

MARC details
000 -LEADER
fixed length control field 00505nam a2200181Ia 4500
020 ## - INTERNATIONAL STANDARD BOOK NUMBER
ISBN 978-0-19-568921-1
082 ## - DEWEY DECIMAL CLASSIFICATION NUMBER
Classification number 320.954 GLO-
245 #0 - TITLE STATEMENT
Title Globalization and politics in India
260 ## - PUBLICATION, DISTRIBUTION, ETC. (IMPRINT)
Place of publication New Delhi
Name of publisher Oxford University Press
Year of publication 2007
300 ## - PHYSICAL DESCRIPTION
Number of Pages xx, 590
440 ## - SERIES STATEMENT/ADDED ENTRY--TITLE
Title Themes in politics
504 ## - BIBLIOGRAPHY, ETC. NOTE
Bibliography, etc Includes bibliography and index
650 ## - SUBJECT ADDED ENTRY--TOPICAL TERM
Topical Term Globalization
650 ## - SUBJECT ADDED ENTRY--TOPICAL TERM
Topical Term India
Form subdivision Politics and government
650 ## - SUBJECT ADDED ENTRY--TOPICAL TERM
Topical Term India
Form subdivision Economic conditions
700 ## - ADDED ENTRY--PERSONAL NAME
Personal name Nayar, Baldev Raj
942 ## - ADDED ENTRY ELEMENTS (KOHA)
Koha item type Books
Holdings
Withdrawn status Lost status Damaged status Not for loan Home library Current library Date acquired Bill Date Full call number Accession Number Price effective from Koha item type
        NASSDOC Library NASSDOC Library 31/12/1899 2006-03-06 320.954 GLO- 44031 18/04/2019 Books